00987nam a2200241 a 450000100100000000500170001000800410002702000150006804000250008308200180010824501020012624600320022826000820026030000210034249000170036361000360038070000270041670000350044383000240047891000370050295201890053999900170072800003589120200930074710.0111115s1995 es 000 0 spa d a2854808894 aDO-SdBNPbspacBNPHU a341.23bF817n00aFrancia y Naciones Unidas (1945-1995) /ccoordinador Andrés Lewin ; prólogo de Alain Juppé.14aFrancia y la ONU desde 1945 aCondé-sur-Noireau :bArléa Corlet,aParís :bDiffusion Le Seuil,c1995. a293 p. ;c23 cm.1 aPanoramiques24aNACIONES UNIDASzFRANCIA96188612aLewin, Andrés96188712aJuppé, Alainepról.961888 0aPanoramiques961889 aValidado. Control de calidad MFF 001050718MOaGRbGRcHDd2011-11-15iLF1l0o341.23 F817np35891-10r2020-06-25w2020-06-25y1zPerteneció a la biblioteca personal de Juan Isidro Jimenes Grullón.ZNo se presta c35382d35382